000 00679nam a2200253Ia 4500
003 OSt
005 20220924143623.0
006 a|||||r|||| 00| 0
007 ta
008 220923b |||||||| |||| 00| 0 urd d
020 _c03
024 _a309255
037 _cTextual
040 _aARTS
_cARTS
_burd
041 _2urd
_aurd
082 _aO157,6M90x, 168K8
100 _aChatterji Suneeti Kumar
_9216485
245 0 _aBikhre warq
260 _c1968
650 _aBENGALI LITERATURE
700 _a Bhattacharya S.R.
_9216486
942 _hO157,6M90x, 168K8
_cTEXL
_2CC
999 _c455227
_d455227